01509njm a2200289uu 4500001000800000005001700008007000900025008004100034020001500075035001200090040001300102041000800115082000800123100003700131245005500168260005600223300003000279490002500309520068000334650001901014650003301033650003701066650002101103650003201124650003001156650003301186100072320260507073431.0sd||||g|061030s1998 spa  a9584302256 a1000723 ccomduadb aspa 4a65810aBalli Morales, Basilio4auteaut13aLa comunicacion : base para un marketing exitoso aBogotá :bMST.V & Video,c[1998?] ;bYoyo Libros. a1 CD-ROM (28 min.) : son.0 aDesarrollo gerencial3 aLa comunicación es el combustible para el crecimiento de sus empresas, mueve sus negocios como la gasolina ayuda al funcionamiento de los autos; si se suspende, paraliza el negocio. Es una inversión para el crecimiento y la innovación. No puede considerarse como un “gasto” que se elimina en cualquier momento y se paga al final de todas las obligaciones. La comunicación, con todos sus soportes (publicidad, promoción de ventas, merchandising, relaciones públicas, fuerza de ventas, ferias, exposiciones y exhibiciones, eventos especiales y marketing directo) debe convertirse en un plan sinérgico e integrado de la imagen corporativa de todas las empresas.  7aMercadeo2lemb aAdministración de mercadeo 7aAdministración de ventas2lemb aMercadeo directo 7aPromoción de ventas2lemb 7aServicio al cliente2lemb 7aAnálisis de mercadeo2lemb